000 00525nam a2200181 4500
003 DO-SdBNP
005 20220324115849.0
008 220324b2016 dr || |||| 00| 0 spa d
020 _a9789945167757
040 _aBPMSU
_cBPMSU
082 _bT173t 2016
100 1 _aTapounet Loinaz, Vicente
245 _aTras las huellas de Jesús /
_cVicente Tapounet Loinaz
260 _aSanto Domingo:
_bbúho
_c2016
300 _a127 p;
_c22 cm
500 _aIncluye datos biogáficos del autor en la contracubierta
942 _2ddc
_cBK
999 _c14113
_d14113